000 00575nam a2200169 a 4500
008 120416s1972 ||||||||||||||||| || u
050 _aHD 151 Den
100 _aDenman, Donald Robert
245 1 0 _aLand use
246 _aan introduction to proprietary land use analysis
260 _aLondon
_bAllen and Unwin
_c1972
300 _a230p. : ill.
350 _a0.00
650 _aLAND USE--ANALYSIS
650 _aLAND
995 _D0.00
_FCBU-MAIN LIBRARY (Kitwe)
_H1
_I0.00
_M1
_UAVAILABLE
_ZAnnex Low-Usage Collection
999 _c48833
_d48833